NBA All-Defensive 1st Teams of the 2010s - Statistics

General Stats
  • This quiz has been taken 192 times
  • The average score is 45 of 51
Answer Stats
Year Position Team Answer % Correct
2019 PF Bucks Giannis Antetokounmpo
98%
2013 SF Heat Lebron James
98%
2012 SF Heat Lebron James
98%
2011 SF Heat Lebron James
98%
2010 PF Cavaliers Lebron James
98%
2019 C Jazz Rudy Gobert
98%
2018 C Jazz Rudy Gobert
98%
2017 C Jazz Rudy Gobert
98%
2017 PF Warriors Draymond Green
97%
2016 PF Warriors Draymond Green
97%
2015 PF Warriors Draymond Green
97%
2012 C Magic Dwight Howard
97%
2011 C Magic Dwight Howard
97%
2010 C Magic Dwight Howard
97%
2017 PG Clippers Chris Paul
96%
2016 PG Clippers Chris Paul
96%
2015 PG Clippers Chris Paul
96%
2014 PG Clippers Chris Paul
96%
2013 PG Clippers Chris Paul
96%
2012 PG Clippers Chris Paul
96%
2019 SF Thunder Paul George
96%
2014 SG Pacers Paul George
96%
2018 PG Pelicans Jrue Holiday
94%
2017 SF Spurs Kawhi Leonard
94%
2016 SF Spurs Kawhi Leonard
94%
2015 SF Spurs Kawhi Leonard
94%
2011 SG Lakers Kobe Bryant
94%
2010 SG Lakers Kobe Bryant
94%
2014 C Bulls Joakim Noah
93%
2013 C Bulls Joakim Noah
93%
2018 PF Pelican Anthony Davis
92%
2016 C Clippers DeAndre Jordan
91%
2015 C Clippers DeAndre Jordan
91%
2011 PF Celtics Kevin Garnett
91%
2019 SG Celtics Marcus Smart
91%
2011 PG Celtics Rajon Rondo
89%
2010 PG Celtics Rajon Rondo
89%
2014 PF Thunder Serge Ibaka
88%
2013 PF Thunder Serge Ibaka
88%
2012 PF Thunder Serge Ibaka
88%
2015 SG Grizzlies Tony Allen
79%
2013 SG Grizzlies Tony Allen
79%
2012 SG Grizzlies Tony Allen
79%
2013 C Knicks Tyson Chandler
77%
2018 SG Pacers Victor Oladipo
77%
2014 SF Warriors Andre Iguodala
75%
2019 PG Bucks Eric Bledsoe
75%
2017 SG Rockets Patrick Beverley
64%
2016 SG Celtics Avery Bradley
59%
2010 SF Bobcats Gerald Wallace
52%
2018 SF 76ers Robert Covington
52%
No matching quizzes found
Score Distribution
Percent of People with Each Score
Percentile by Number Answered
Your Score History
You have not taken this quiz